| 000 | nam a22 7a 4500 | ||
|---|---|---|---|
| 999 |
_c139083 _d139081 |
||
| 005 | 20180312102839.0 | ||
| 008 | 180312b mx||||| |||| 00| 0 spa d | ||
| 020 | _a9706250557 | ||
| 050 | 0 | 4 |
_aHD66 _bM33 1994 |
| 100 | 1 | _aMaddux, Robert B. | |
| 240 | 1 |
_aTeam building: An excercise in leadership. _lEspañol |
|
| 245 | 1 | 0 |
_aCómo formar equipos de trabajo _b: el liderazgo en acción _c/ Robert B. Maddux. |
| 250 | _a1a ed. | ||
| 260 |
_aMéxico : _bGrupo Editorial Iberoamérica, _cc1994 |
||
| 300 |
_aiii, 77 p. : _bil., _c26 cm. |
||
| 650 | 7 |
_2lemb _aLiderazgo |
|
| 650 | 7 |
_2lemb _aComportamiento organizacional |
|
| 942 |
_2lcc _cLIB |
||